[Event "ROM-ch U08"]
[Site "Calimanesti"]
[Date "2015.03.30"]
[Round "1"]
[White "Serb, Vladimir Ioan Crist"]
[Black "Meca, Rares Stefan"]
[Result "0-1"]
[WhiteElo "1001"]
[BlackElo "1066"]
[PlyCount "73"]
[EventDate "2015.03.30"]
[EventType "swiss"]
[EventRounds "9"]
[EventCountry "ROU"]
[SourceTitle "CBM 165 Extra"]
[Source "ChessBase"]
[SourceDate "2015.04.21"]
[SourceVersion "1"]
[SourceVersionDate "2015.04.21"]
[SourceQuality "1"]

1. e4 e5 2. Qh5 Nc6 3. Bb5 g6 4. Qf3 Qf6 5. Bxc6 bxc6 6. Qxf6 Nxf6 7. d3 d5 8. exd5 cxd5 9. Bg5 Be7 10. Bh6 Bc5 11. Bg7 Ng4 12. Bxh8 Nxf2 13. Bxe5 Nxh1 14. Kf1 Kd7 15. d4 Ba6+ 16. Ke1 Ke6 17. Nc3 f6 18. Bxc7 Re8 19. Na4 Kf5+ 20. Kd1 Nf2+ 21. Kd2 Bb4+ 22. c3 Be7 23. g3 Bd8 24. Bd6 Ne4+ 25. Kc2 Nxd6 26. Nc5 Bb7 27. Rf1+ Kg4 28. Rf4+ Kg5 29. Nf3+ Kh6 30. Rh4+ Kg7 31. g4 f5 32. Ng5 Bxg5 33. Ne6+ Rxe6 34. gxf5 Bxh4 35. fxe6 Kf6 36. a3 Kxe6 37. b4 0-1